Informe sobre el Desarrollo Mundial 1993: Invertir en Salud
INDICE. DEFINICIONES Y NOTAS SOBRE LOS DATOS. PANORAMA GENERAL. LA SALUD EN LOS PASISES EN DESARROLLO: EXITOS Y RETOS A ENFRENTAR. LAS UNIDADES FAMILIARES Y LA SALUD. EL PAPEL DE LOS GOBIERNOS Y LOS MERCAOS EN LE SECTOR DE SALUD. SALUD PÚBLICA. SERVICIOS CLINICOS RECURSOS PARA LA SALUD. PROGRAMA DE...
Kaydedildi:
| Materyal Türü: | Metin |
|---|---|
| Konular: | |
| Etiketler: |
Etiketle
Etiket eklenmemiş, İlk siz ekleyin!
|
MARC
| LEADER | 00000 a a2200000 04500 | ||
|---|---|---|---|
| 001 | 44814 | ||
| 003 | |||
| 040 | |||
| 245 | |a Informe sobre el Desarrollo Mundial 1993: |b Invertir en Salud | ||
| 520 | |a INDICE. DEFINICIONES Y NOTAS SOBRE LOS DATOS. PANORAMA GENERAL. LA SALUD EN LOS PASISES EN DESARROLLO: EXITOS Y RETOS A ENFRENTAR. LAS UNIDADES FAMILIARES Y LA SALUD. EL PAPEL DE LOS GOBIERNOS Y LOS MERCAOS EN LE SECTOR DE SALUD. SALUD PÚBLICA. SERVICIOS CLINICOS RECURSOS PARA LA SALUD. PROGRAMA DE ACCION. NOTA DE AGRADECIMIENTO. NOTA BILBIOGRAFICA.APENDICE A. DATOS SOBRE LA POBLACION Y LA SALUD. APENDICE B. CARGA GLOBAL DE LA MORBILIDAD. INDICADORES DEL DESARROLLO MUNDIAL. RECUADROS. FIGURAS DEL TEXTO.CUADROS. CUADROS DE LOS APENDICES | ||
| 650 | |a INFORMES ANUALES | ||
| 650 | |a SISTEMAS DE SALUD | ||
| 650 | |a SALUD PUBLICA | ||
| 650 | |a INTERVENCION DEL ESTADO | ||
| 650 | |a INDICADORES | ||
| 773 | |g (1993) | ||
| 999 | |c 23432 |d 23432 | ||
